| 000 | 00435nam a2200181Ia 4500 | ||
|---|---|---|---|
| 008 | 210210b1966 xxu||||| |||| 00| 0 eng d | ||
| 082 | _a541.244 COOS | ||
| 100 | _aCOOK (C Sharp) | ||
| 245 | _aStructure of atomic nuclei | ||
| 260 |
_aNew York _bD Van Nostrand Co. _c1966 |
||
| 300 | _a142 | ||
| 650 | _aStructure | ||
| 650 | _aof | ||
| 650 | _anuclei | ||
| 650 | _aatomic | ||
| 690 | _aTheoretical Chemistry | ||
| 906 | _a009683 | ||
| 999 |
_c151588 _d151588 |
||